Statistiques concernant Mot mystérieux - Série 03

Cliquez ici pour prendre le quiz!

Statistiques générales

  • Ce quiz a été pris 91 fois
  • Le résultat moyen est 6 sur 10

Statistiques - réponses

IndicesMot% Correct
Art - Industriel - Croquis - AniméDessin
95%
Bander - Ciel - Flèche - CercleArc
88%
Courant - Comprimé - Chanson - FranceAir
68%
Manuel - Forcé - Arrêt - DroitTravail
65%
Indic - Commerciale - Poids - JusticeBalance
60%
Loisirs - Données - Ravitaillement - MilitaireBase
58%
Noir - Massif - Coeur - MineOr
49%
Brut - Peur - Moyen - BulletinSalaire
46%
Peur- Creux - Bas - FaimVentre
45%
Tissu - Pêche - Jouer - YeuxVelours
16%

Distribution des résultats

Percentile par nombre de réponses

% des personnes avec chaque résultat

Votre développement - résultats

Vous n’avez pas pris ce quiz